000
00253nam a2200097Ia 4500
001
644228
005
20250826153600.0
008
250824s9999 xx 000 0 und d
245
0
_a
ROBIN HOOD GENÇLİK KLASİKLERİ
_c
HOWARD PYLE
260
_b
TİMAŞ ÇOCUK
999
_c
644228
_d
644228